zpět

Detail výsledku týmu

U Medníka, Frýdek-Místek

Datum a čas kvízu

24 Celkem bodů Celkový počet nahraných bodů na tomto kvízu bez doplňovacích otázek.
1. Pořadí na kvízu Konečné umístění týmu na tomto kvízu.

Zaznamenané odpovědi

# Otázka Odpověď Body Výsledky
1. Do boudy na hřebenech Krkonoš,... 1
2. Neznámi hackeři ukradli osobní... 1
3. Jak se jmenuje osobnost, která... 1
4. Zákazníci v jedné evropské zem... 0
5. Nepěkný výprask uštědřili hoke... 0
6. Věříme tomu, že nemálo z Vás v... 1
7. Poznáte podle fotky toto šumav... 0
8. Ve kterém městě najdeme toto k... 1
9. Ve spolkové zemi Salcbursko se... 1
10. Která dvě česká slova jsou nap... 0